| 000 | 00748pam a2200253 a 4500 | ||
|---|---|---|---|
| 001 | 3959056 | ||
| 005 | 20180125032757.0 | ||
| 008 | 940307s1994 coua b 000 0 eng | ||
| 010 | _a 94007920 | ||
| 020 | _a0813388708 | ||
| 020 | _a0813388716 (acidfree paper : pbk.) | ||
| 040 |
_aDLC _cDLC _dDLC |
||
| 041 | _aeng | ||
| 043 | _an-us--- | ||
| 080 | _a362.10973 GIN | ||
| 082 | 0 | 0 |
_a362.10973 GIN _220 |
| 100 | _a19 | ||
| 101 | _aPOL | ||
| 245 | 0 | 0 |
_aCritical issues in U.S. health reform / _cedited by Eli Ginzberg. |
| 504 | _aIncludes bibliographical references. | ||
| 906 |
_a7 _bcbc _corignew _d1 _eocip _f19 _gy-gencatlg |
||
| 942 |
_2ddc _cBK |
||
| 999 |
_c40886 _d40886 |
||